000 01222nam a2200241Ia 4500
003 OSt
005 20220923213749.0
006 a|||||r|||| 00| 0
007 ta
008 220922b |||||||| |||| 00| 0 hin d
024 _a164,385
037 _cTextual
040 _aARTS
_cARTS
_bhin
041 _2hin
_ahin
082 _aO152,1M89:g, L3
100 _aशर्मा, कृष्ण देव
245 0 _aप्रसाद के चार काव्य* जयशंकर प्रसाद द्वारा लिखित 'प्रेमपथिक, करूणालय, महाराणा का महत्व और कानन कुसुम का विशुद आलोचनात्मक एवं व्याख्यात्मक अध्ययन
246 _aPrasād ke chār kāvya: jayashankar prasād dvārā likhit 'premapathika, karūṇālaya, hinārāṇā kā hinatva aur kānan kusum kā vishud ālochanātmak evan vyākhyātmak adhyayana
260 _c1973
650 _aहिन्दी साहित्य
_9156264
942 _hO152,1M89:g, L3
_cTEXL
_2CC
999 _c318865
_d318865